Le Grand Est par images - Statistiques

Statistiques générales
  • Ce quiz a été pris 434 fois
  • Le résultat moyen est 12 sur 16
Statistiques - réponses
Par images Hint Réponse % Correct
Évènement Marché de Noël
98%
Capitale régionale Strasbourg
96%
Pâtisserie briochée Bretzel
94%
Boisson Champagne
93%
Plat Quiche lorraine
92%
Animal Cigogne blanche
88%
Militaire / Sainte Jeanne d'Arc
86%
Institution Parlement européen
77%
Président Charles de Gaulle
76%
Ville Verdun
72%
Fortification Ligne Maginot
67%
Fromage Munster
67%
Place Place Stanislas
66%
Militaire Alfred Dreyfus
53%
Surnom de Reims "La Cité des sacres"
42%
Homme d'État Jules Ferry
36%
Aucun quiz correspondant
Distribution des résultats
% des personnes avec chaque résultat
Percentile par nombre de réponses
Votre historique - résultats
Vous n’avez pas pris ce quiz